Szczegóły MARC21

Antologia poezji francuskiej. T. 2, Od Malherbe'a do Chéniera /

003 -Nazwa inst., której nr kontr. jest w polu 001 [,]
    • @
    • Nazwa instytucji, której n kontrolny jest w polu 001
    • NUKAT
005 -DATA I CZAS OSTATNIEJ MODYFIKACJI [,]
    • @
    • pole kontrolne
    • 20241231104141.0
040 -Instytucja sporządzająca opis [ , ]
    • a
    • Instytucja, która sporządziła opis (NP)
    • WA U/71EMB
    • c
    • Instytucja, która sporządziła rekord (NP)
    • WA U/EMB
    • d
    • Instytucja, która zmodyfikowała rekord (P)
    • WA U/AB
    • d
    • Instytucja, która zmodyfikowała rekord (P)
    • WA U/MSZs
    • d
    • Instytucja, która zmodyfikowała rekord (P)
    • WA U/EBA
    • d
    • Instytucja, która zmodyfikowała rekord (P)
    • KR PAU/MS
041 -Język dokumentu [1, ]
    • a
    • Język tekstu (P)
    • polski
    • a
    • Język tekstu (P)
    • francuski
    • h
    • Język tekstu oryginalnego i/lub pośredniego (P)
    • francuski
942 -Rodzaj dokumentu [ , ]
    • c
    • Rodzaj dokumentu
    • Książka
245 -Strefa tytułu i oznaczenia odpowiedzialności [0,0]
    • a
    • Tytuł
    • Antologia poezji francuskiej. Find
    • n
    • Oznaczenie części (P)
    • T. 2,
    • p
    • Nazwa części (P)
    • Od Malherbe'a do Chéniera /
    • c
    • Pozostałe elementy strefy tytułu i oznaczenia odpowiedzialności (NP)
    • [wybór] Jerzy Lisowski ; [tl. Kazimierz Brodziński et al.].
246 -Wariant tytułu [3,0]
    • a
    • Tytuł (NP)
    • Od Malherbe'a do Chéniera
260 -Strefa adresu wydawniczego [ , ]
    • a
    • Miejsce wydania (P)
    • Warszawa :
    • b
    • Nazwa wydawcy (P)
    • Czytelnik,
    • c
    • Data wydania (P)
    • 1970.
300 -Strefa opisu fizycznego [ , ]
    • a
    • Określenie formy książki i/lub objętość (NP)
    • 791 s. ;
    • c
    • Format (NP)
    • 24 cm.
336 -Typ zawartości [ , ]
    • a
    • Termin opisujący typ zawartości
    • Tekst
    • b
    • Kod określający zawartość
    • txt
    • 2
    • Źródło (terminu i kodu)
    • rdacontent
337 -Typ mediów [ , ]
    • a
    • Tryb odtwarzania
    • Bez urządzenia pośredniczącego
    • b
    • Kod typu mediów
    • n
    • 2
    • Źródło (terminu i kodu)
    • rdamedia
338 -Typ/rodzaj nośnika [ , ]
    • a
    • Hasło opisujące typ nośnika
    • Wolumin
    • b
    • Kod typu nośnika
    • nc
    • 2
    • Źródło (terminu i kodu)
    • rdacarrier
546 -Uwaga dot. języka [ , ]
    • a
    • Uwaga dot. języka
    • Tekst równol. pol. i fr.
080 -Uniwersalna Klasyfikacja Dziesiętna [ , ]
    • a
    • Symbol klasyfikacji
    • 821.133.1-1
    • 2
    • Identyfikator wydania tablic
    • UDC-P058
    • 9
    • UKD
    • 8008
    • b
    • Dopowiedzenie
    • Literatura francuska. - Poezja. Dramat poetycki.
    • 4
    • UKD2
    • 8450
    • x
    • Poddział wspólny
    • (082.2)
    • c
    • Dopowiedzenie poddz. wspólnego
    • (Antologie. Wypisy (różnych autorów). Cytaty. Fragmenty).
655 -Hasło w funkcji tematu formalnego [ ,7]
    • a
    • Hasło
    • Poezja francuska
    • y
    • Określnik chronologiczny
    • 1500-1800
    • v
    • Określnik formy
    • antologie.
    • 2
    • Źródło terminu
    • kaba
    • 9
    • KHW
    • 392713
655 -Hasło w funkcji tematu formalnego [ ,7]
    • a
    • Hasło
    • Poezja francuska
    • y
    • Określnik chronologiczny
    • 1500-1800
    • v
    • Określnik formy
    • tłumaczenia polskie.
    • 2
    • Źródło terminu
    • kaba
    • 9
    • KHW
    • 392712
980 -Symbol UKD [ , ]
    • a
    • UKD
    • 821.133.1-1(082.2)
700 -Hasło dodatkowe - nazwa osobowa [1, ]
    • a
    • Nazwa osobowa (NP)
    • Lisowski, Jerzy Find
    • d
    • Daty biograficzne (NP)
    • (1928-2004).
    • e
    • Określenie rodzaju współpracy
    • Wybór
    • 9
    • KHW
    • 21204
700 -Hasło dodatkowe - nazwa osobowa [1, ]
    • a
    • Nazwa osobowa (NP)
    • Brodziński, Kazimierz Find
    • d
    • Daty biograficzne (NP)
    • (1791-1835).
    • e
    • Określenie rodzaju współpracy
    • Tł.
    • 9
    • KHW
    • 51889
710 -Hasło dodatkowe - nazwa ciała zbiorowego [2, ]
    • a
    • Nazwa ciała zbiorowego lub nazwa geograficzna jako pierwszy element (NP)
    • Spółdzielnia Wydawnicza "Czytelnik".
    • 4
    • Kod relacji
    • pbl
    • 9
    • KHW
    • 52317
Sygnatura Obwoluta Data inwentaryzacji Lokalizacja Status udost. Numer tomu Numer inwentarzowy
  1996-02-20BG1Tom 2Z.2378
POL. Antologie - poezja 2312019-05-07BM1Tom 2Q.1262